[Event "Another Tournament"]
[Site "SchemingMind.com"]
[Date "2022.07.28"]
[Round "-"]
[White "Mitch The Man"]
[Black "John Lewis"]
[Result "1-0"]
[WhiteCountry "USA"]
[BlackCountry "ENG"]
[WhiteElo "1316"]
[WhiteRD "62"]
[BlackElo "1350"]
[BlackRD "63"]
[GameID "725545"]

1. d4 d5 2. Bf4 e6 3. Nf3 c5 4. Bxb8 Rxb8 5. e3 c4 6. Be2 Nf6 7. O-O g6 8. c3 Bg7 9. a4 a6 10. Nbd2 Ne4
11. Nxe4 dxe4 12. Nd2 f5 13. Bxc4 O-O 14. Qb3 Qe7 15. a5 Bd7 16. Be2 Be8 17. Bxa6 Bf7 18. Be2 Ra8 19. Qc2 b5 20. Bxb5 Ra7
21. Bc4 Qc7 22. Qa4 Rxa5 23. Qxa5 Qxa5 24. Rxa5 h5 25. Nb3 Kh7 26. Nc5 e5 27. Bxf7 Rxf7 28. Ne6 Bf6 29. dxe5 Bd8 30. Nxd8 Rd7
31. Ne6 Kh6 32. Ra8 g5 33. Nf8 Re7 34. e6 Kg7 35. Rd1 Kf6 36. Rdd8 Rxe6 37. Nxe6 Kxe6 38. g3 g4 39. Re8+ Kd5 40. Rac8 Kd6
41. c4 Kd7 42. b4
1-0

[Event "Another Tournament"]
[Site "SchemingMind.com"]
[Date "2022.07.27"]
[Round "-"]
[White "John Lewis"]
[Black "Mitch The Man"]
[Result "1-0"]
[WhiteCountry "ENG"]
[BlackCountry "USA"]
[WhiteElo "1350"]
[WhiteRD "63"]
[BlackElo "1316"]
[BlackRD "62"]
[GameID "725546"]

1. e4 e5 2. Nf3 Nc6 3. c3 Be7 4. Bb5 Bf6 5. Bxc6 dxc6 6. d4 Qd6 7. O-O Ne7 8. Ne1 O-O 9. b4 b6 10. a4 Ba6
11. c4 Bxc4 12. Nf3 Bxf1 13. Kxf1 Rad8 14. Bb2 Qe6 15. Nbd2 exd4 16. Nb3 Qc4+ 17. Kg1 Ng6 18. Bxd4 Qa6 19. b5 cxb5 20. axb5 Qb7
21. Qc2 Bxd4 22. Nfxd4 Ne7 23. f3 Ng6 24. g3 Ne5 25. f4 Ng4 26. h3 Ne3 27. Qd3 Nc4 28. Qxc4 Ra8 29. Nc6 Rfe8 30. Qd5 a6
31. Ne7+ Rxe7 32. Qxb7 Rae8 33. bxa6
1-0

[Event "Another Tournament"]
[Site "SchemingMind.com"]
[Date "2022.07.30"]
[Round "-"]
[White "Mitch The Man"]
[Black "Phillip Beckett"]
[Result "1-0"]
[WhiteCountry "USA"]
[BlackCountry "ENG"]
[WhiteElo "1316"]
[WhiteRD "62"]
[BlackElo "1490"]
[BlackRD "55"]
[GameID "725606"]

1. d4 d5 2. h3 e6 3. c4 Nf6 4. c5 c6 5. Bf4 Nbd7 6. e3 Be7 7. Be2 O-O 8. Nf3 Re8 9. O-O Bf8 10. Ne5 Nxe5
11. Bxe5 Nd7 12. Bh2 e5 13. a3 exd4 14. exd4 Nf6 15. Bf3 Ne4 16. Bxe4 Rxe4 17. Nc3 Re8 18. Ne2 Qh4 19. Nf4 g5 20. Bg3 gxf4
21. Bxh4
1-0

[Event "Another Tournament"]
[Site "SchemingMind.com"]
[Date "2022.07.29"]
[Round "-"]
[White "Phillip Beckett"]
[Black "Mitch The Man"]
[Result "1-0"]
[WhiteCountry "ENG"]
[BlackCountry "USA"]
[WhiteElo "1490"]
[WhiteRD "55"]
[BlackElo "1316"]
[BlackRD "62"]
[GameID "725607"]

1. e4 e5 2. Nf3 d5 3. exd5 Qxd5 4. Nc3 Qd6 5. d3 c6 6. Be2 Bf5 7. O-O Nd7 8. Ne4 Bxe4 9. dxe4 O-O-O 10. Qxd6 Bxd6
11. Be3 Kb8 12. Rad1 f6 13. Rxd6 Ne7 14. Rfd1 Nc8 15. Rxd7
1-0

[Event "Another Tournament"]
[Site "SchemingMind.com"]
[Date "2022.07.29"]
[Round "-"]
[White "Phillip Beckett"]
[Black "John Lewis"]
[Result "0-1"]
[WhiteCountry "ENG"]
[BlackCountry "ENG"]
[WhiteElo "1490"]
[WhiteRD "55"]
[BlackElo "1350"]
[BlackRD "63"]
[GameID "725610"]

1. e4 e5 2. Nf3 d6 3. d4 Qf6 4. dxe5 dxe5 5. Qd5 Bd6 6. Bg5 Qe6 7. Nc3 f6 8. Qxe6+ Bxe6 9. Be3 a6 10. O-O-O Nc6
11. Be2 g5 12. h3 O-O-O 13. Nd2 Bb4 14. a3 Bxc3 15. bxc3 Kb8 16. Kb2 Nge7 17. Nb3 Nc8 18. Rxd8 Rxd8 19. Rd1 Rxd1 20. Bxd1 b6
21. g4 Kb7 22. Be2 Nd6 23. f3 h6 24. Bd3 Bc4 25. Nd2 b5 26. Bxc4 bxc4 27. Nf1 Ne7 28. Ng3 Kc6 29. Nf5 Ng8 30. Nxd6 cxd6
31. a4 a5 32. Ka3 Ne7 33. Ba7 d5 34. Be3 dxe4 35. fxe4 Nc8 36. Bf2 Nd6 37. h4 Nxe4
0-1

[Event "Another Tournament"]
[Site "SchemingMind.com"]
[Date "2022.07.29"]
[Round "-"]
[White "John Lewis"]
[Black "Phillip Beckett"]
[Result "0-1"]
[WhiteCountry "ENG"]
[BlackCountry "ENG"]
[WhiteElo "1359"]
[WhiteRD "65"]
[BlackElo "1530"]
[BlackRD "57"]
[GameID "725611"]

1. e4 e5 2. Nf3 Nc6 3. d4 exd4 4. Nxd4 Bc5 5. Nxc6 Qf6 6. f3 dxc6 7. c3 Bd7 8. b4 Bxb4 9. Bb2 Bc5 10. Bd3 O-O-O
11. Nd2 Be6 12. Qc2 Qf4 13. O-O-O Ne7 14. c4 f6 15. g3 Qh6 16. f4 Bg4 17. Rde1 Kb8 18. Kb1 Bb4 19. Bc3 Bxc3 20. Qxc3 Nc8
21. f5 Nb6 22. Bf1 Qxd2 23. Qxd2 Rxd2 24. h3 Bf3 25. Rg1 Rhd8 26. g4 Rd1+ 27. Rxd1 Rxd1+ 28. Kc2 Ra1 29. Kd3 Rxa2 30. Ke3 Bd1
31. Bg2 Bb3 32. c5 Nd7 33. Kd4 Rd2+ 34. Kc3 Rxg2 35. Rxg2 Ba4 36. Kb4 Bb5 37. Rd2 Kc8 38. h4 Ne5 39. g5 Bd3 40. gxf6 gxf6
41. Rg2 Bxe4 42. Rg8+ Kd7 43. Rg7+ Kd8 44. Rxh7 Bxf5 45. Rh5 Bg4 46. Rh6 f5 47. Rh8+ Kd7 48. h5 Nd3+ 49. Kc4 Ne5+ 50. Kd4 Nf7
51. Rh7 Ke6 52. h6 Bh5 53. Rxf7 Kxf7 54. Ke5 Bg6 55. Kf4 Kf6
0-1

[Event "Another Tournament"]
[Site "SchemingMind.com"]
[Date "2022.07.31"]
[Round "-"]
[White "Mitch The Man"]
[Black "ray winteringham"]
[Result "1-0"]
[WhiteCountry "USA"]
[BlackCountry "ENG"]
[WhiteElo "1316"]
[WhiteRD "62"]
[BlackElo "1473"]
[BlackRD "50"]
[GameID "725622"]

1. d4 d5 2. c4 e6 3. c5 Nc6 4. Bd2 h6 5. Bc3 Nf6 6. Nd2 Be7 7. Qb3 O-O 8. O-O-O b6 9. f3 Bd7 10. Kb1 bxc5
11. e3 c4 12. Qc2 Rb8 13. Ka1 Bd6 14. g3 Ne7 15. e4 e5 16. dxe5 Nxe4 17. fxe4 Bc5 18. Bg2 c6 19. Ndf3 Be6 20. exd5 cxd5
21. Ne2 Nf5 22. Qd2 Ne3 23. Rb1 Nxg2 24. Ned4 Qb6 25. Qxg2 Qa6 26. Nxe6 Qxe6 27. Qe2 f6 28. Nd4 fxe5 29. Nxe6 Rf2 30. Qg4 Bf8
31. Bxe5 Rb7 32. Nxg7 Bxg7 33. Qc8+ Rf8 34. Qxb7 Bxe5 35. Qxd5+
1-0

[Event "Another Tournament"]
[Site "SchemingMind.com"]
[Date "2022.07.30"]
[Round "-"]
[White "ray winteringham"]
[Black "Mitch The Man"]
[Result "1-0"]
[WhiteCountry "ENG"]
[BlackCountry "USA"]
[WhiteElo "1473"]
[WhiteRD "50"]
[BlackElo "1316"]
[BlackRD "62"]
[GameID "725623"]

1. e4 e5 2. Nf3 d6 3. Bc4 Be7 4. h3 Nh6 5. Nc3 O-O 6. d3 c6 7. Bxh6 gxh6 8. Qe2 Bf6 9. Bb3 Bg7 10. O-O-O Be6
11. Bxe6 fxe6 12. g4 b5 13. b4 a6 14. Kd2 Nd7 15. Ne1 Qg5+ 16. Qe3 Qxe3+ 17. Kxe3 Rf6 18. f3 Raf8 19. Rf1 R8f7 20. Rd2 Nf8
21. a4 Ng6 22. a5 Nf4 23. h4 h5 24. g5 Rg6 25. Na2 Bf8 26. c4 bxc4 27. dxc4 d5 28. c5 d4+ 29. Kf2 Nh3+ 30. Kg3 Nf4
31. Nd3 Nxd3 32. Rxd3 Rf4 33. Nc1 Be7 34. Ne2 Rf8 35. f4 exf4+ 36. Rxf4 e5 37. Rf5 Rxf5 38. exf5 Rg7 39. f6 Bxf6 40. Kh3 Be7
41. Ng3 Rg6 42. Ne4 Kf8 43. Rf3+ Kg7 44. Ng3 h6 45. Nf5+ Kf8 46. Nxd4+ Kg8 47. Nxc6 Bf8 48. Nxe5 Re6 49. Nd7 Be7 50. gxh6 Kh7
51. Rf4 Kxh6 52. Kg2 Re2+ 53. Kf3 Re6 54. Nb6 Re1 55. Re4 Rf1+ 56. Kg2 Rf7 57. c6 Bd8 58. Rd4 Rg7+ 59. Kh3
1-0

[Event "Another Tournament"]
[Site "SchemingMind.com"]
[Date "2022.07.31"]
[Round "-"]
[White "Phillip Beckett"]
[Black "ray winteringham"]
[Result "0-1"]
[WhiteCountry "ENG"]
[BlackCountry "ENG"]
[WhiteElo "1490"]
[WhiteRD "55"]
[BlackElo "1473"]
[BlackRD "50"]
[GameID "725626"]

1. e4 e5 2. Nf3 Nc6 3. d4 Nxd4 4. Nxd4 exd4 5. Qxd4 c5 6. Qd1 d6 7. Nc3 Be7 8. Bc4 Nf6 9. O-O h6 10. Re1 O-O
11. Nd5 Be6 12. Nxf6+ Bxf6 13. Bxe6 fxe6 14. f4 Qb6 15. Kh1 Rab8 16. e5 dxe5 17. fxe5 Be7 18. b3 Rf5 19. Bb2 Bh4 20. Rf1 Rd8
21. Qe2 Rdf8 22. Rxf5 Rxf5 23. Rf1 Qd8 24. Rxf5 exf5 25. e6 Be7 26. g3 b6 27. Be5 g6 28. Qd3 Qxd3 29. cxd3 Kh7 30. d4 cxd4
31. Bxd4 h5 32. Kg2 g5 33. h3 Kg6 34. Be5 g4 35. hxg4 hxg4 36. Bb8 a6 37. Ba7 b5 38. Kf2 Kf6 39. Ke3 Kxe6 40. Kf2 Kd5
41. Ke3 Bd6 42. Kf2 Ke4 43. Bb6 Kd3 44. a4 bxa4 45. bxa4 Kc4 46. a5 Bc5+ 47. Bxc5 Kxc5 48. Ke3 Kb5 49. Kf4 Kxa5 50. Kxf5 Kb6
51. Kxg4 a5 52. Kf5 a4 53. g4 a3 54. g5 a2 55. g6 a1=Q 56. Kg5 Qg7
0-1

[Event "Another Tournament"]
[Site "SchemingMind.com"]
[Date "2022.07.30"]
[Round "-"]
[White "ray winteringham"]
[Black "Phillip Beckett"]
[Result "1-0"]
[WhiteCountry "ENG"]
[BlackCountry "ENG"]
[WhiteElo "1473"]
[WhiteRD "50"]
[BlackElo "1490"]
[BlackRD "55"]
[GameID "725627"]

1. e4 e5 2. Bc4 Nf6 3. d3 Be7 4. Nf3 d6 5. h3 O-O 6. Be3 h6 7. Nc3 Nc6 8. a3 Nh7 9. Qe2 Ng5 10. Nd5 Nxf3+
11. Qxf3 Na5 12. Nxe7+ Qxe7 13. Ba2 Kh7 14. O-O f5 15. Bd2 fxe4 16. Qxe4+ Kh8 17. Bxa5 c6 18. Bc3 Rf4 19. Qe3 Be6 20. b3 b6
21. Rfe1 Raf8 22. Rf1 Qg5 23. a4 Qg6 24. b4 Bxa2 25. Rxa2 Rf3 26. Qe4 Qxe4 27. dxe4 Rxc3 28. Re1 Rc4 29. Rb2 c5 30. bxc5 dxc5
31. Ra2 Rd8 32. Re2 Rd1+ 33. Kh2 Rdd4 34. f3 Rxa4 35. Rb2 g5 36. Kg3 h5 37. h4 gxh4+ 38. Kxh4 Rd7 39. Kxh5 Rh7+ 40. Kg5 Rd4
41. c3 Rdd7 42. Kf5 Rde7 43. Re1 Rhf7+ 44. Kg4 Rf4+ 45. Kg3 Rg7+ 46. Kf2 Rh4 47. Ke3 Rh2 48. Ree2 Rd7 49. g4 Rxe2+ 50. Rxe2 c4
51. Ra2 Rd3+ 52. Ke2 Rxc3 53. Rxa7 b5 54. Ra5 Rb3 55. Kd2 c3+ 56. Kc2 Rb2+ 57. Kxc3 Rf2 58. Rxb5 Rxf3+ 59. Kd2 Rf4 60. Rxe5 Rxg4
61. Rh5+ Kg7 62. Kd3 Kg6 63. Ra5 Kf6 64. Kd4 Ke6 65. Ra6+ Ke7 66. Kd5 Rg5+ 67. e5 Kd7 68. Ra7+ Ke8 69. Kd6 Rg1 70. Ke6 Kd8
71. Rh7 Rg8 72. Kf6 Rf8+ 73. Rf7 Re8 74. e6 Rh8 75. Kg7 Re8 76. Rd7+ Kc8 77. Kf7 Rh8 78. Rd1 Rh7+ 79. Kg6 Re7 80. Kf6 Re8
81. e7 Rh8 82. Kf7 Kc7 83. e8=Q
1-0

[Event "Another Tournament"]
[Site "SchemingMind.com"]
[Date "2022.07.30"]
[Round "-"]
[White "ray winteringham"]
[Black "John Lewis"]
[Result "1-0"]
[WhiteCountry "ENG"]
[BlackCountry "ENG"]
[WhiteElo "1473"]
[WhiteRD "50"]
[BlackElo "1350"]
[BlackRD "63"]
[GameID "725628"]

1. e4 e5 2. Nf3 d6 3. Bc4 Nf6 4. d3 g6 5. h3 Bg7 6. Bg5 O-O 7. Nc3 Qd7 8. Qd2 Ne8 9. a3 a5 10. a4 c6
11. Be3 b5 12. axb5 cxb5 13. Bxb5 Qe6 14. Nd5 Bd7 15. Bc4 Nc6 16. Nc7 Nxc7 17. Bxe6 Nxe6 18. O-O Rfc8 19. Bh6 a4 20. Bxg7 Kxg7
21. Nh2 Ncd4 22. Ng4 g5 23. Rfc1 Nf4 24. Kh1 Bxg4 25. hxg4 Kg6 26. Qb4 Nfe2 27. Qxd6+ f6 28. Rd1 Rxc2 29. Qd5 Ra7 30. Qg8+ Kh6
31. g3 Nxg3+ 32. Kg2 Nge2 33. Rh1#
1-0

[Event "Another Tournament"]
[Site "SchemingMind.com"]
[Date "2022.07.31"]
[Round "-"]
[White "John Lewis"]
[Black "ray winteringham"]
[Result "1-0"]
[WhiteCountry "ENG"]
[BlackCountry "ENG"]
[WhiteElo "1359"]
[WhiteRD "65"]
[BlackElo "1455"]
[BlackRD "51"]
[GameID "725629"]

1. e4 e5 2. Nf3 Nc6 3. d4 exd4 4. Nxd4 Nxd4 5. Qxd4 b6 6. Bd3 f6 7. e5 Bb7 8. Be4 Bxe4 9. Qxe4 fxe5 10. Qxe5+ Qe7
11. Bf4 d6 12. Qxe7+ Bxe7 13. O-O Nf6 14. Bg5 O-O 15. g3 h6 16. Bxf6 Bxf6 17. c3 Rae8 18. Na3 Re2 19. Rab1 Rfe8 20. Nb5 c5
21. Nxa7 Ra8 22. Nb5 Rxa2 23. Kg2 d5 24. b4 cxb4 25. cxb4 d4 26. Nc7 Be5 27. Nd5 b5 28. Rbc1 d3 29. Nc3 Bxc3 30. Rxc3 d2
31. Rd3 Rb2 32. Rd4 Kf7 33. Rd1 Kf6 34. Kf3 Re5 35. R1xd2 Rb3+ 36. R2d3 Rf5+ 37. Ke3 Re5+ 38. Kf4 Rb2 39. Rf3 Rf5+ 40. Ke4 Rxf3
41. Kxf3 Kf5 42. g4+ Ke5 43. Re4+ Kf6 44. Kg3 g5 45. f4 Rb3+ 46. Kf2 gxf4 47. Rxf4+ Kg5 48. Rd4 Kh4 49. Kg2 Rb2+ 50. Kf3 Kg5
51. h3 Kh4 52. Rd5 Rb3+ 53. Kg2 Rxh3 54. Rh5+ Kxg4 55. Rxh3
1-0

[Event "Another Tournament"]
[Site "SchemingMind.com"]
[Date "2022.09.06"]
[Round "-"]
[White "Mitch The Man"]
[Black "agoodhobby"]
[Result "0-1"]
[WhiteCountry "USA"]
[BlackCountry "USA"]
[WhiteElo "1318"]
[WhiteRD "64"]
[BlackElo "1488"]
[BlackRD "60"]
[GameID "726537"]

1. d4 d5 2. Bd2 Nf6 3. e3 e6 4. Be2 c5 5. Bf3 Nc6 6. Bc3 Qb6 7. Ne2 Bd6 8. O-O O-O 9. Nd2 cxd4 10. Nxd4 Nxd4
11. Bxd4 Bc5 12. Bxc5 Qxc5 13. Nb3 Qc7 14. Nd4 a6 15. Nb3 b5 16. c3 a5 17. Nd4 Nd7 18. Nxb5 Qc5 19. Nd4 Ne5 20. Be2 a4
21. a3 Ba6 22. Bxa6 Rxa6 23. Qc2 Nc6 24. Nxc6 Qxc6 25. b4 Rc8 26. Rfc1 Qc4 27. Rcb1 Qxc3 28. Qe2 Rac6 29. Qe1 Qxe1+ 30. Rxe1 Rc2
31. g3 f6 32. Kg2 e5 33. Kh3 Kf7 34. Rf1 h5 35. g4 hxg4+ 36. Kxg4 Rh8 37. h4 g6 38. b5 Rc4+ 39. Kf3 Rhxh4 40. Ke2 Rc5
41. b6 Rb5 42. Rac1 Rc4 43. b7 Rxc1 44. Rxc1 Rxb7 45. Kf1 Rb3 46. Rc7+ Ke6 47. Rc6+ Kf5 48. Rc5 Rxa3 49. Rxd5 Ra1+ 50. Kg2 a3
51. Ra5 a2 52. Ra4 g5 53. e4+ Kf4 54. f3 g4 55. Ra3 gxf3+ 56. Rxf3+ Kxe4 57. Kf2 Rc1 58. Re3+ Kd4 59. Re2 a1=Q
0-1

[Event "Another Tournament"]
[Site "SchemingMind.com"]
[Date "2022.09.06"]
[Round "-"]
[White "agoodhobby"]
[Black "Mitch The Man"]
[Result "1-0"]
[WhiteCountry "USA"]
[BlackCountry "USA"]
[WhiteElo "1488"]
[WhiteRD "60"]
[BlackElo "1318"]
[BlackRD "64"]
[GameID "726538"]

1. e4 e5 2. Nf3 Bd6 3. d4 Nc6 4. Bb5 Qe7 5. O-O h6 6. Nc3 Nxd4 7. Nxd4 exd4 8. Qxd4 Be5 9. Qd2 Nf6 10. Nd5 Nxd5
11. exd5 O-O 12. Re1 Bxh2+ 13. Kf1 Qc5 14. a4 Qd6 15. Qd3 a6 16. Bc4 b6 17. g3 Qf6 18. Kg2 Bxg3 19. Qxg3 Bb7 20. Rh1 Kh8
21. Bxh6 gxh6 22. Qh3 Qg7+ 23. Kf1 d6 24. Ra3 Bc8 25. Qxh6+ Qxh6 26. Rxh6+ Kg7 27. Rh4 Rh8 28. Rg3+ Kf6 29. Rxh8 Ke7 30. Be2
1-0

[Event "Another Tournament"]
[Site "SchemingMind.com"]
[Date "2022.09.06"]
[Round "-"]
[White "agoodhobby"]
[Black "Phillip Beckett"]
[Result "0-1"]
[WhiteCountry "USA"]
[BlackCountry "ENG"]
[WhiteElo "1488"]
[WhiteRD "60"]
[BlackElo "1530"]
[BlackRD "57"]
[GameID "726541"]

1. e4 e5 2. Nf3 Nc6 3. Bb5 a6 4. Ba4 Nf6 5. d3 d6 6. O-O Be7 7. c3 O-O 8. Re1 b5 9. Bb3 h6 10. h3 Na5
11. d4 Nxb3 12. Qxb3 exd4 13. cxd4 Be6 14. d5 Bd7 15. e5 dxe5 16. Nxe5 Bd6 17. Nxd7 Qxd7 18. Nc3 Rfe8 19. Bd2 Rxe1+ 20. Rxe1 Re8
21. Rxe8+ Qxe8 22. a4 Ne4 23. Nxe4 Qxe4 24. axb5 Qb1+
0-1

[Event "Another Tournament"]
[Site "SchemingMind.com"]
[Date "2022.09.06"]
[Round "-"]
[White "Phillip Beckett"]
[Black "agoodhobby"]
[Result "1-0"]
[WhiteCountry "ENG"]
[BlackCountry "USA"]
[WhiteElo "1530"]
[WhiteRD "57"]
[BlackElo "1488"]
[BlackRD "60"]
[GameID "726542"]

1. d4 d5 2. e3 Nf6 3. Bd3 Nc6 4. f4 e6 5. Nf3 Nb4 6. Be2 c5 7. c3 Nc6 8. Ne5 Nxe5 9. fxe5 Nd7 10. O-O a5
11. Nd2 c4 12. e4 b5 13. exd5 exd5 14. Bh5 g6 15. Bg4 b4 16. Qf3 Qe7 17. Rf2 Bh6 18. Nf1 Bxc1 19. Rxc1 O-O 20. Qxd5 Qg5
21. Bxd7 Qxc1 22. e6 Bxd7 23. exf7+ Rxf7 24. Qxf7+ Kh8 25. Qf6+ Kg8 26. Qf7+ Kh8 27. Qxd7 Qh6 28. Qf7 Qg7 29. Qd5 bxc3 30. bxc3 Qg8
31. Qe5+ Qg7 32. Rf7 Qxe5 33. dxe5 Kg8 34. e6 Re8 35. Rf6 Kg7 36. Rf7+ Kh6 37. e7 Kg5 38. Ne3 h5 39. Nd5 h4 40. Rf8
1-0

[Event "Another Tournament"]
[Site "SchemingMind.com"]
[Date "2022.09.06"]
[Round "-"]
[White "agoodhobby"]
[Black "ray winteringham"]
[Result "1-0"]
[WhiteCountry "USA"]
[BlackCountry "ENG"]
[WhiteElo "1488"]
[WhiteRD "60"]
[BlackElo "1455"]
[BlackRD "51"]
[GameID "726543"]

1. e4 c5 2. Nf3 Nc6 3. d4 e6 4. Nc3 cxd4 5. Nxd4 Bc5 6. Nf3 Nf6 7. Bc4 Bxf2+ 8. Kxf2 Ng4+ 9. Ke2 a6 10. h3 Nf6
11. Bg5 h6 12. Bh4 g5 13. Bg3 O-O 14. Re1 b5 15. Bb3 a5 16. a4 b4 17. Nb5 Nxe4 18. Kf1 Nxg3+ 19. Kg1 Qb6+ 20. Kh2 Qb8
21. h4 g4 22. Nd6 Nf5 23. Qd3 gxf3 24. gxf3 Nxd6 25. c3 bxc3 26. Rg1+ Kh8 27. Bc2 Ba6 28. Qh7#
1-0

[Event "Another Tournament"]
[Site "SchemingMind.com"]
[Date "2022.09.06"]
[Round "-"]
[White "ray winteringham"]
[Black "agoodhobby"]
[Result "1-0"]
[WhiteCountry "ENG"]
[BlackCountry "USA"]
[WhiteElo "1455"]
[WhiteRD "51"]
[BlackElo "1488"]
[BlackRD "60"]
[GameID "726544"]

1. e4 c5 2. Bc4 e6 3. Nf3 Nc6 4. d3 d5 5. exd5 exd5 6. Bb5 Qa5+ 7. Nc3 d4 8. Qe2+ Be7 9. Bxc6+ bxc6 10. Bd2 dxc3
11. Bxc3 Qc7 12. Bxg7 Qa5+ 13. c3 Kd8 14. Bxh8 Bf6 15. Bxf6+ Nxf6 16. Ne5 Kc7 17. Nxf7 Nd7 18. O-O Ba6 19. Qe4 Qb5 20. Qf4+ Kb6
21. Qd2 Rf8 22. c4 Qa4 23. b3 Qb4 24. Qxb4+ cxb4 25. Nd6 Kc5 26. Ne4+ Kd4 27. f4 Kxd3 28. Rae1 Kc2 29. Re3 Bb7 30. Rf2+ Kd1
31. Kf1 c5 32. Re1#
1-0

[Event "Another Tournament"]
[Site "SchemingMind.com"]
[Date "2022.09.06"]
[Round "-"]
[White "agoodhobby"]
[Black "John Lewis"]
[Result "1-0"]
[WhiteCountry "USA"]
[BlackCountry "ENG"]
[WhiteElo "1488"]
[WhiteRD "60"]
[BlackElo "1359"]
[BlackRD "65"]
[GameID "726545"]

1. e4 e5 2. Nf3 d6 3. d4 Nf6 4. dxe5 Nxe4 5. Qd5 Nc5 6. Bg5 f6 7. exf6 gxf6 8. Bh4 Be7 9. Bc4 Rf8 10. O-O Be6
11. Qh5+ Bf7 12. Bxf7+ Rxf7 13. Re1 Nc6 14. Bxf6 Kf8 15. Ng5 Rxf6 16. Qxh7 Ne5 17. Qh8#
1-0

[Event "Another Tournament"]
[Site "SchemingMind.com"]
[Date "2022.09.06"]
[Round "-"]
[White "John Lewis"]
[Black "agoodhobby"]
[Result "0-1"]
[WhiteCountry "ENG"]
[BlackCountry "USA"]
[WhiteElo "1376"]
[WhiteRD "69"]
[BlackElo "1539"]
[BlackRD "62"]
[GameID "726546"]

1. e4 e5 2. Nf3 Nc6 3. d4 exd4 4. Nxd4 Bc5 5. Nxc6 Qf6 6. f3 Qxc6 7. c3 d6 8. b4 Bxb4 9. cxb4 Nf6 10. Be3 O-O
11. b5 Qe8 12. Bf2 Qe5 13. Bd4 Qe7 14. Bxf6 Qxf6 15. Nd2 Bd7 16. a4 a6 17. Bc4 axb5 18. axb5 Rxa1 19. Nb1 Qb2 20. O-O Bxb5
21. Bxb5 Qxb5 22. Qc2 Qb6+ 23. Kh1 Rfa8 24. h3 R8a2 25. Qc3 Rb2 26. Nd2 Rxf1+ 27. Nxf1 Qf2 28. Qc1 Qxg2#
0-1

[Event "Another Tournament"]
[Site "SchemingMind.com"]
[Date "2022.09.06"]
[Round "-"]
[White "roscoe"]
[Black "Mitch The Man"]
[Result "1-0"]
[WhiteCountry "USA"]
[BlackCountry "USA"]
[WhiteElo "1164"]
[WhiteRD "115"]
[BlackElo "1309"]
[BlackRD "66"]
[GameID "726551"]

1. d4 d5 2. c4 e6 3. e3 Bb4+ 4. Bd2 Bxd2+ 5. Nxd2 Ne7 6. Ngf3 O-O 7. c5 c6 8. g3 Ng6 9. Bg2 b6 10. O-O Ba6
11. Re1 bxc5 12. Nb3 c4 13. Nc5 Bc8 14. e4 dxe4 15. Rxe4 Qd5 16. Ne5 Nxe5 17. Rxe5 Qd6 18. Rc1 f6 19. Rh5 g6 20. Ne4 Qc7
21. Rc5 Ba6 22. b3 Nd7 23. Qf3 Bb7 24. R5xc4 Rf7 25. Bh3 Re8 26. Nc5 Nxc5 27. dxc5 Kg7 28. Re1 Ba6 29. Ra4 Bb5 30. Rd4 e5
31. Rd6 f5 32. a4 Ba6 33. Bg2 Bb7 34. b4 a6 35. b5 e4 36. Qc3+ Kg8 37. bxc6 Bxc6 38. Bf1 a5 39. Bc4 Bxa4 40. Bxf7+ Qxf7
41. Qxa5 Bc2 42. Qc3 Bd3 43. c6 Qf8 44. Rd7 Bb5 45. Red1 Rc8 46. Qb3+ Kh8 47. Qxb5 Rb8 48. Qe5+ Kg8 49. c7
1-0

[Event "Another Tournament"]
[Site "SchemingMind.com"]
[Date "2022.09.07"]
[Round "-"]
[White "Mitch The Man"]
[Black "roscoe"]
[Result "1-0"]
[WhiteCountry "USA"]
[BlackCountry "USA"]
[WhiteElo "1309"]
[WhiteRD "66"]
[BlackElo "1164"]
[BlackRD "115"]
[GameID "726552"]

1. d4 d5 2. e3 a6 3. Be2 Nf6 4. Bf3 e6 5. Ne2 Nc6 6. O-O g6 7. a3 Bg7 8. Bd2 O-O 9. b4 b5 10. c3 e5
11. g3 e4 12. Bg2 Bg4 13. f3 exf3 14. Bxf3 Bxf3 15. Rxf3 Re8 16. Kg2 Ne4 17. Be1 Qg5 18. Nf4 Qf5 19. h3 Bf8 20. g4 Qg5
21. Qb3 Nd8 22. Qxd5 Rc8 23. Qxg5 Nxg5 24. Rg3 c5 25. Nd5 Rc6 26. h4 Ne4 27. Rf3 cxd4 28. g5 dxc3 29. Nbxc3 Bg7 30. Nxe4 Bxa1
31. Ndf6+ Bxf6 32. Nxf6+ Rxf6 33. gxf6 Nc6 34. Bc3 h5 35. Kf2 Rd8 36. Kg3 Rd5 37. e4 Nd4 38. exd5
1-0

[Event "Another Tournament"]
[Site "SchemingMind.com"]
[Date "2022.09.06"]
[Round "-"]
[White "roscoe"]
[Black "agoodhobby"]
[Result "0-1"]
[WhiteCountry "USA"]
[BlackCountry "USA"]
[WhiteElo "1170"]
[WhiteRD "135"]
[BlackElo "1488"]
[BlackRD "60"]
[GameID "726553"]

1. d4 d5 2. c4 e6 3. a3 Nf6 4. Nc3 dxc4 5. e3 Nc6 6. Nf3 Bd6 7. Bxc4 O-O 8. O-O b6 9. Re1 Bb7 10. e4 e5
11. dxe5 Nxe5 12. Nxe5 Bxe5 13. Qxd8 Raxd8 14. Bg5 Rd4 15. Bd5 Nxd5 16. exd5 Re8 17. Rad1 Rxd1 18. Nxd1 Bxh2+
0-1

[Event "Another Tournament"]
[Site "SchemingMind.com"]
[Date "2022.09.07"]
[Round "-"]
[White "agoodhobby"]
[Black "roscoe"]
[Result "1-0"]
[WhiteCountry "USA"]
[BlackCountry "USA"]
[WhiteElo "1488"]
[WhiteRD "60"]
[BlackElo "1170"]
[BlackRD "135"]
[GameID "726554"]

1. d4 d5 2. c4 h6 3. Nc3 Nf6 4. e3 b6 5. Nf3 Bg4 6. Be2 Nbd7 7. O-O Bxf3 8. Bxf3 e5 9. cxd5 Bd6 10. Bd2 O-O
11. Nb5 a5 12. Nxd6 cxd6 13. dxe5 dxe5 14. d6 Rc8 15. Rc1 Rxc1 16. Qxc1 Qb8 17. Qc7 Qxc7 18. dxc7 Rc8 19. Rc1 e4 20. Be2 Nd5
21. Bg4 Rxc7 22. Rxc7 N7f6 23. Rc8+
1-0

[Event "Another Tournament"]
[Site "SchemingMind.com"]
[Date "2022.09.07"]
[Round "-"]
[White "roscoe"]
[Black "Phillip Beckett"]
[Result "0-1"]
[WhiteCountry "USA"]
[BlackCountry "ENG"]
[WhiteElo "1170"]
[WhiteRD "135"]
[BlackElo "1530"]
[BlackRD "57"]
[GameID "726557"]

1. d4 d5 2. c4 e6 3. a3 Nf6 4. Bg5 Be7 5. e3 h6 6. Bxf6 Bxf6 7. Nf3 c6 8. cxd5 exd5 9. Bd3 O-O 10. O-O Nd7
11. Nc3 Re8 12. Re1 Nf8 13. e4 dxe4 14. Nxe4 Bxd4 15. Nxd4 Qxd4 16. Rb1 Qb6 17. h3 Bf5 18. Qf3 Bxe4 19. Rxe4 Rxe4 20. Qxe4 Qc7
0-1

[Event "Another Tournament"]
[Site "SchemingMind.com"]
[Date "2022.09.07"]
[Round "-"]
[White "Phillip Beckett"]
[Black "roscoe"]
[Result "1-0"]
[WhiteCountry "ENG"]
[BlackCountry "USA"]
[WhiteElo "1518"]
[WhiteRD "55"]
[BlackElo "1164"]
[BlackRD "115"]
[GameID "726558"]

1. e4 d6 2. d4 Nc6 3. Nc3 Nf6 4. Nf3 Bg4 5. Be3 Bxf3 6. Qxf3 g6 7. a3 Bg7 8. O-O-O O-O 9. Qe2 d5 10. e5 Ne4
11. Nxe4 dxe4 12. f3 exf3 13. Qxf3 e6 14. c3 Na5 15. h4 h5 16. g4 Nb3+ 17. Kc2 Qd5 18. Qxd5 exd5 19. Kxb3 a5 20. gxh5 gxh5
21. Be2 b6 22. Bxh5 a4+ 23. Kc2 c5 24. Rdg1 cxd4 25. Bh6 Rfe8 26. Bxg7 Kh7 27. Bxf7 Re7 28. Bxd5 Rd8 29. Bf6
1-0

[Event "Another Tournament"]
[Site "SchemingMind.com"]
[Date "2022.09.06"]
[Round "-"]
[White "roscoe"]
[Black "ray winteringham"]
[Result "0-1"]
[WhiteCountry "USA"]
[BlackCountry "ENG"]
[WhiteElo "1164"]
[WhiteRD "115"]
[BlackElo "1423"]
[BlackRD "51"]
[GameID "726559"]

1. d4 d5 2. c4 e6 3. a3 h6 4. Nf3 Be7 5. Nc3 dxc4 6. e3 Nf6 7. Bxc4 Bd7 8. O-O O-O 9. h3 c5 10. b4 cxb4
11. axb4 Bxb4 12. Bd2 Bxc3 13. Bxc3 Ne4 14. Bb4 Re8 15. Nd2 Nf6 16. Re1 Nc6 17. Bc3 Nh7 18. d5 Ne7 19. Ne4 exd5 20. Bxd5 Bc6
21. Bxc6 Nxc6 22. Ra4 b5 23. Ra2 Rxe4 24. Qxd8+ Rxd8 25. Ra6 Rc8 26. f3 Rc4 27. Bb2 Nf6 28. Rd1 Ne8 29. e4 Nc7 30. Ra3 a5
31. Rd7 b4 32. Rad3 a4 33. e5 Rc2 34. Bd4 a3 35. Bb6 Nxe5 36. Rxc7 Nxd3 37. Rd7 a2 38. Bd4 Nc5
0-1